000 00355nam a2200145Ia 4500
003 OSt
008 191201s2010 xx 000 0 und d
082 _a629.892
_bKLR
100 _aKLAFTER, Richard D
245 0 _aRobotic Engineering: An Integrated Approach
260 _aNew Delhi
_bPHI
_c2010
300 _a744
650 _aM.Tech (ME)
942 _2ddc
_cBK
999 _c5097
_d5097